| 000 | 00543nam a22001817a 4500 | ||
|---|---|---|---|
| 005 | 20240110072013.0 | ||
| 008 | 240110b |||||||| |||| 00| 0 eng d | ||
| 020 | _a9780639004747 | ||
| 041 | _aEnglish | ||
| 082 | _a347.7 AML | ||
| 100 |
_aHarms, LTC _lEnglish |
||
| 245 |
_aAmler's Precedents of Pleadings / _cLTC Harms |
||
| 250 | _aNinth Edition | ||
| 260 |
_aDurban : _bLexisNexis (Pty) Ltd, _c2018 |
||
| 300 |
_bxi, 461 pages ; _c25,5 cm. |
||
| 650 |
_aLegal practice _bLaw |
||
| 942 |
_cBK _6ALISON_BN_VRIES |
||
| 999 |
_c1209 _d1209 |
||